00681nam a2200181 a 4500003000200000005001700002008004100019050003000060100002900090245008200119260009200201300004000293504004100333650003100374650002600405650002600431650004200457020250423085642.0970114s19uu xx 00 eng d aPGS HQ 755.85b.M357 2003 aMarquez, Charles Yeoj L. aThe effects of being a child of prominent parents /cCharles Yeoj L. Marquez. aLas Piñas City, Philippines : bSouthville International School and Colleges,c2003. a32 pages :billustrations ;c28 cm. aIncludes bibliographical references. aChildren of celebrities.  aChildren of the rich. aFamily social status. aSocial statusvPsychological aspects.